[Event "12th Chennai Open 2020"]
[Site "Chennai"]
[Date "2020.01.24"]
[Round "9.16"]
[White "Rios, Cristhian Camilo"]
[Black "Girinath, P.D.S."]
[Result "1-0"]
[WhiteElo "2498"]
[BlackElo "2340"]
[Annotator "TA"]
[PlyCount "93"]
[EventDate "2020.01.19"]
[EventType "swiss"]
[EventCountry "IND"]
[SourceTitle "playchess.com"]
[Source "ChessBase"]
[SourceQuality "1"]

{[%evp 9,102,-9,-6,-20,-19,-26,-21,-36,-36,-35,11,-20,-4,-25,8,16,105,95,76,9,67,-45,0,-10,150,-3,13,-62,-5,-20,-8,0,183,62,51,57,58,43,22,18,22,13,33,3,10,0,0,0,0,0,0,0,0,0,0,0,0,0,0,0,0,0,0,-8,-8,-17,-16,-15,0,-17,0,-25,0,0,0,0,0,0,13,-26,1,1,5,-593,656,645,540,580,905,143,4727,4710,29974,29972,29992]} 1. d4 d6 2. e4 Nf6 3. Nc3 e5 4. Nf3 Nbd7 5. g4 (5. Bc4 Be7 6. O-O O-O 7. Re1 c6 8. a4 a5 9. h3 Nb6 10. Bf1 exd4 11. Nxd4 d5 12. e5 Ne8 13. Qf3 g6 14. Bh6 Ng7 15. Rad1 Nd7 16. Qe3 Nc5 17. Kh1 {0-1 (55) Predke,A (2676)-Morozevich,A (2659) Moscow 2019}) 5... Nxg4 6. Rg1 {C41: Philidor Defence} Ngf6 7. Bc4 h6 8. dxe5 {The position is equal.} dxe5 9. Be3 Qe7 10. Qe2 c6 11. O-O-O Nc5 $146 ({Predecessor:} 11... Nb6 12. Nd2 Bd7 {1-0 (25) Trent,L (2470)-Navarro,S (2259) Porto San Giorgio 2008}) 12. Nh4 Ne6 (12... b5 $11 13. Nxb5 (13. Bxc5 Qxc5 14. Bb3 Rg8 $15) 13... cxb5 14. Bxb5+ (14. Bxc5 Qxc5 15. Bxb5+ Bd7 $17) 14... Ncd7) 13. Nf5 Qc7 14. Qf3 (14. Bxe6 $16 Bxe6 15. Nxg7+ Bxg7 16. Rxg7) 14... g6 (14... Ng5 $1 $11 15. Bxg5 hxg5) 15. Nxh6 (15. Nd4 $1 $14 exd4 16. Bxd4) 15... Rxh6 (15... Qe7 $5 {[%cal Rf8h6]} 16. Ng4 Nxg4 17. Qxg4 Nd4 $11) 16. Qxf6 Be7 $2 (16... Bg7 $11 17. Qf3 Nd4 18. Bxd4 exd4) 17. Qf3 $2 (17. Nb5 $1 $16 {[%cal Rb5c7]} Qb8 18. Nd6+ Qxd6 19. Rxd6 Bxf6 20. Bxh6) 17... Rh7 18. Rd2 ({Better is} 18. h4 $11) 18... Nf4 (18... b5 $15 19. Bb3 a5) 19. Bxf4 $11 exf4 20. e5 {aiming for e6!} Bd7 $2 {[#]} (20... Bf5 $1 $11 {and Black is okay.}) 21. Ne4 ({And not} 21. Qxf4 Bf5 $11) (21. e6 $1 $18 fxe6 22. Rxg6) 21... O-O-O $1 $14 22. Nd6+ $1 ({Much weaker is} 22. Qxf4 Rh4 $15) 22... Bxd6 $1 23. exd6 (23. Rxd6 $5 {[%cal Rg1d1]} Rdh8 24. Qxf4 $14) 23... Qa5 24. Qxf4 {Threatening Re2.} Re8 25. Qd4 Kb8 26. f4 Qb6 27. a4 Qxd4 28. Rxd4 Kc8 29. b4 Kd8 30. Rg2 Bf5 31. Bb3 Kd7 32. c4 Re1+ 33. Kb2 Rh1 34. Rdd2 Rh4 35. c5 {Hoping for Rde2.} Rxf4 36. Bxf7 Rb1+ 37. Kc3 Rf3+ 38. Kc4 $1 Rf4+ 39. Kc3 Rf3+ 40. Kc4 $1 a5 41. bxa5 Rf4+ (41... Ra1 $5 42. Kb4 $8 Rf4+ 43. Kb3 Rf3+ 44. Kb4 Rf4+ 45. Kb3 Rf3+ 46. Kb4 $11) 42. Kc3 Rc1+ 43. Kb3 Rb1+ 44. Ka3 Ra1+ 45. Ba2 {Rge2 is the strong threat.} Be6 {White must now prevent ...Rf3+.} 46. Rge2 $2 {[%mdl 8192]} (46. Rg3 $11) 46... Bd5 $4 {[%mdl 8192] [#]} (46... Rf3+ $19 47. Kb4 Rxa2) 47. a6 {Played: Rd2xd5} 1-0

[Event "12th Chennai Open 2020"]
[Site "Chennai"]
[Date "2020.01.24"]
[Round "9.17"]
[White "Rathnakaran, K.."]
[Black "Vasquez Schroeder, Rodrigo"]
[Result "1/2-1/2"]
[WhiteElo "2329"]
[BlackElo "2487"]
[Annotator "TA"]
[PlyCount "125"]
[EventDate "2020.01.19"]
[EventType "swiss"]
[EventCountry "IND"]
[SourceTitle "playchess.com"]
[Source "ChessBase"]
[SourceQuality "1"]

{[%evp 9,125,19,26,-19,0,-27,-23,-33,-14,-28,-39,-44,-39,-87,-73,-100,-51,-65,-54,-75,-85,-87,-33,-46,33,37,40,27,33,26,57,55,59,49,54,37,45,15,34,0,0,0,110,104,106,116,110,103,109,108,107,112,110,112,120,117,131,121,172,166,162,171,204,160,250,264,238,164,180,193,181,184,124,36,48,56,70,71,71,58,58,58,187,124,190,182,259,237,279,250,216,202,184,186,310,311,338,305,273,0,224,157,189,175,0,0,0,0,0,0,0,0,0,0,0,0,0,0]} 1. e4 e5 2. Nf3 Nc6 3. Bc4 Bc5 4. c3 Nf6 5. d3 O-O 6. Bb3 {C54: Giuoco Piano: 4 c3 Nf6, main lines with 5 d4 and 5 d3} (6. O-O d5 7. exd5 Nxd5 8. Re1 Bg4 9. Nbd2 Nb6 10. h3 Bh5 11. Bb3 Qxd3 12. Nxe5 Qf5 13. Nef3 Rad8 14. Qe2 Qc8 15. Ne4 Be7 16. Bf4 Nd5 {½-½ (59) Vachier Lagrave,M (2780)-Shirov,A (2684) Moscow 2019}) 6... d5 7. Qe2 a5 8. a4 {Black has an edge.} h6 9. h3 Be6 {Threatens to win with ...dxe4.} 10. Bc2 d4 $146 ({Predecessor:} 10... dxe4 11. dxe4 Nh5 12. g4 Nf4 {½-½ (35) Tomazini,Z (2436)-Oleksienko,M (2582) Slovenia 2018}) 11. g4 Nh7 12. Nbd2 Be7 13. Nf1 Ng5 14. Ng1 Qd7 15. Ng3 Rfe8 ({Black should try} 15... Rfd8 $17) 16. Nf5 Bxf5 (16... Nh7 $15) 17. gxf5 $14 Nh7 18. h4 Rad8 19. Rh3 Kh8 20. Bb3 Rf8 21. Bd2 Nf6 22. Rg3 Bc5 23. Nh3 Qe7 24. O-O-O dxc3 25. bxc3 Nd4 (25... Bd4 $1 $11 26. Kb2 Bc5) 26. cxd4 $16 {[%mdl 64] Discovered Attack} Bxd4 {( -> ...Qa3+)} 27. Kc2 Qc5+ 28. Bc4 Qa3 {[%csl Gd4][%cal Ra3b2]} 29. Rb1 Qxa4+ 30. Bb3 Qc6+ 31. Kd1 a4 32. Ba2 $1 a3 33. Ke1 Bc3 (33... Rd7 $16) 34. Bxc3 $18 Qxc3+ 35. Kf1 b6 36. Kg2 Rd4 (36... Qd4 $16 37. f4 b5 38. fxe5 (38. Rxb5 $2 Rb8 $19) 38... Qxe5) 37. Ng5 $1 {[%cal Rg5f7]} Rd7 (37... hxg5 38. hxg5 Rxd3 39. Rxd3 $18) 38. Kh2 Qd4 (38... hxg5 $2 39. hxg5 Nh7 40. g6 $1 $18 {[%mdl 512]}) 39. Bc4 c6 ({Avoid the trap} 39... hxg5 $2 40. hxg5 Nh7 41. Rh3 $1 $18 {[%mdl 512]}) 40. Nf3 Qc5 41. Nd2 (41. Qe3 $16 {Hoping for Qxc5.} Qxe3 42. fxe3) 41... b5 $14 42. Ba2 Qc3 43. Nb3 Qb4 44. Rbg1 Rg8 45. Rc1 Rc8 (45... Qd6 $14) 46. Rc5 ({White should play} 46. Nc5 $1 $18 {[%cal Rc5d7]} Ra7 47. Qe3) 46... Re7 (46... Kh7 $16 47. Kh1 (47. Rxe5 c5 $16) 47... Rdc7) 47. Rg1 $1 $18 Rec7 (47... Nd7 $142) 48. Qf3 ({Weaker is} 48. Rxe5 Nd7 $11) 48... Nd7 49. Qg3 {[%csl Gg1][%cal Rg3g7]} Rg8 50. f6 {[%cal Rf6g7]} g6 51. Rxe5 $1 Nxe5 (51... Qd6 $142 52. d4 Nxf6) 52. Qxe5 Rd7 53. Nc5 Ra7 54. Rg2 $2 (54. Qf4 $1 $18 {[%cal Rf4h6]} Kh7 55. Nb3) 54... Qb2 $2 (54... Qd2 $11 55. f3 Qe3) 55. f4 $1 Qc1 {[#]} 56. f5 $1 {Ne6! is the strong threat.} g5 57. hxg5 {The position is equal.} Rxg5 ({Don't go for} 57... hxg5 $2 {[#]} 58. Qg3 $1 $18 {[%mdl 512]}) 58. Rxg5 hxg5 59. Kh3 Qf1+ 60. Kg4 Qe2+ {[%mdl 64] Double Attack} 61. Kxg5 {Black must now prevent Qg3.} Qxa2 62. Qb8+ {[%mdl 64] Double Attack} Kh7 63. Qxa7 {Accuracy: White = 70%, Black = 47%.} 1/2-1/2

[Event "12th Chennai Open 2020"]
[Site "Chennai"]
[Date "2020.01.24"]
[Round "9.18"]
[White "Karthik Venkataraman"]
[Black "Saravanan, V.."]
[Result "0-1"]
[WhiteElo "2479"]
[BlackElo "2325"]
[Annotator "TA"]
[PlyCount "137"]
[EventDate "2020.01.19"]
[EventType "swiss"]
[EventCountry "IND"]
[SourceTitle "playchess.com"]
[Source "ChessBase"]
[SourceQuality "1"]

{[%evp 16,137,12,20,17,19,25,14,34,1,142,142,135,133,170,177,152,45,180,-222,612,568,660,686,684,668,669,647,639,625,591,525,409,222,220,226,224,0,0,0,0,0,0,0,0,0,0,0,0,0,0,0,0,0,0,0,0,-25,0,0,0,0,0,-15,0,0,0,0,0,-15,-28,-33,-33,-33,-33,-33,-33,-33,-33,-81,-59,-137,-81,-113,-112,-153,-150,-146,-146,-210,-143,-143,-143,-143,-148,-142,-142,-150,-142,-314,-314,-307,-286,-381,-381,-381,-374,-374,-374,-366,-366,-360,-360,-342,-340,-360,-369,-339,-339,-596,-589,-574,-547,-498]} 1. e4 e6 2. d4 Nf6 3. Nc3 d5 4. e5 Nfd7 5. f4 c5 6. Nf3 Nc6 7. Be3 Be7 8. Qd2 O-O 9. dxc5 Nxc5 {C11: French: Classical System: 4 e5 and 4 Bg5 dxe4} 10. O-O-O a6 11. h4 b5 {The position is equal.} (11... Qc7 12. Bd3 Nb4 13. Kb1 Nbxd3 14. cxd3 Bd7 15. Rc1 Qb6 16. f5 Rfc8 17. Bg5 {1-0 (41) Shankland,S (2713)-Cori,J (2686) Biel 2019}) 12. Bd3 b4 (12... Nxd3+ $11 {remains equal.} 13. Qxd3 Nb4) 13. Bxc5 $1 $16 Bxc5 14. Bxh7+ $1 Kxh7 15. Ng5+ $1 Kg8 16. Qe2 $146 ({Better is} 16. Qd3 $1 $16 {[%csl Gg5][%cal Rd3h7]} g6 17. h5 Nxe5 18. Qh3) ({Predecessor:} 16. Qd3 g6 17. h5 Nxe5 18. Qh3 Kg7 19. Nce4 Be7 20. hxg6 Rh8 21. Nh7 Nxg6 22. Ng3 Bh4 23. Nh5+ Kxh7 {0-1 (23) Milliet,S (2389)-Hoolt,S (2355) Germany 2018}) 16... g6 {[#]} ({And not} 16... bxc3 17. Qh5 Be3+ 18. Kb1 Re8 19. Qxf7+ Kh8 20. Qh5+ Kg8 21. Qh7+ Kf8 22. Qh8+ Ke7 23. Qxg7#) ({Black should try} 16... Be3+ $14 17. Qxe3 bxc3 18. Qxc3 Qc7) 17. h5 $4 {[%mdl 8192]} (17. Nce4 $1 $18 {[%mdl 512] is the narrow road to win.}) 17... Ra7 $4 {[%mdl 8192] [#]} (17... bxc3 $19 18. hxg6 fxg6) 18. Nce4 $1 $18 {[%mdl 512] And now Nf6+ would win.} dxe4 19. Rxd8 Rxd8 20. Nxe4 Be7 21. Qg4 Kg7 22. hxg6 fxg6 23. Qh3 {Qh7+ would kill now.} Rg8 24. Ng5 (24. g4 $142) 24... Bxg5 25. fxg5 Ne7 26. Rf1 $2 (26. Qh7+ $1 $18 Kf8 27. Rf1+ Ke8 28. Qf7+ Kd8 29. Rd1+ Rd7 30. Rd6) 26... Rh8 $1 $11 {[%cal Rh8h3]} 27. Rf7+ Kxf7 28. Qxh8 Rc7 29. Qf6+ Ke8 30. Qf4 a5 31. a3 bxa3 32. Qa4+ Bd7 33. Qxa3 a4 34. Qb4 Rc8 35. Kb1 Bc6 36. Qg4 Nf5 37. Qc4 Bd7 38. Qb4 Ne7 39. g3 Nf5 40. Qe4 Rc5 41. Qa8+ Rc8 42. Qh1 Bc6 43. Qh8+ {[#]} Kd7 $1 44. Qh7+ {[%mdl 64] Double Attack} Ne7 45. Qh4 $1 Rf8 46. Qd4+ Ke8 47. Ka2 Rf5 48. g4 (48. c3 $15) 48... Rf3 ({But not} 48... Rxg5 $2 49. Qf4 $18) (48... Rf1 $142 {aiming for ...Bd5+.} 49. b3 axb3+ 50. Kxb3 Rb1+ 51. Ka3 Re1) 49. c3 Rf1 $1 {Threatens to win with ...Bd5+.} 50. c4 {[#]} Re1 $1 51. Qd6 Kf7 52. b4 (52. Qd3 $17) 52... axb3+ 53. Kxb3 Re4 54. Qb8 Rxg4 55. Qh8 Rf4 56. Kc3 Bb7 57. Kb3 $2 {[#]} (57. Qh2 $17 Rf5 58. Qh8) 57... Ba6 $1 $19 58. c5 Bb7 59. Qh7+ Ke8 60. Qh8+ Rf8 61. Qh4 Rf5 62. Ka3 Bd5 63. Qa4+ Nc6 64. Qh4 Nxe5 65. Qh8+ Kd7 66. Qg7+ Kc6 {...Rf3+ is the strong threat.} 67. Qe7 $2 (67. Kb4) 67... Kb5 68. Qe8+ Kxc5 {( -> ...Nc4+)} 69. Qe7+ {Accuracy: White = 51%, Black = 64%.} 0-1

[Event "12th Chennai Open 2020"]
[Site "Chennai"]
[Date "2020.01.24"]
[Round "9.19"]
[White "Srihari L R"]
[Black "Neelotpal, Das"]
[Result "1-0"]
[WhiteElo "2302"]
[BlackElo "2436"]
[Annotator "TA"]
[PlyCount "55"]
[EventDate "2020.01.19"]
[EventType "swiss"]
[EventCountry "IND"]
[SourceTitle "playchess.com"]
[Source "ChessBase"]
[SourceQuality "1"]

{[%evp 18,55,0,0,41,27,35,0,0,0,0,0,0,0,0,0,18,0,0,0,65,66,60,-9,55,53,43,47,62,47,93,101,97,81,163,152,159,157,254,254]} 1. d4 Nf6 2. c4 e6 3. Nf3 d5 4. Nc3 dxc4 5. e4 Bb4 6. Bg5 c5 7. Bxc4 cxd4 8. Nxd4 Bxc3+ 9. bxc3 Qa5 10. Bb5+ Bd7 {D39: Queen's Gambit Declined: Ragozin Defence with 5 Bg5 dxc4} (10... Nbd7 {keeps more tension.} 11. Bxf6 Qxc3+ 12. Kf1 gxf6 13. Nf5 exf5 14. Rc1 Qe5) 11. Bxf6 $1 gxf6 12. Qd3 (12. Qb3 {feels hotter.} O-O 13. O-O Nc6 14. a4 Rfd8 15. Rfd1) (12. Bxd7+ Nxd7 13. O-O Qxc3 14. Qa4 O-O 15. Nxe6 Nb6 16. Qd4 Rfc8 17. Qxc3 Rxc3 18. Nf4 {½-½ (78) Carlsen,M (2875)-Anand,V (2767) Zagreb 2019}) 12... a6 {[%cal Rd7b5] The position is equal.} 13. Bxd7+ Nxd7 14. O-O Qc7 {[#]} 15. Rfd1 $146 ({Predecessor:} 15. Qe3 h5 16. Rab1 Rc8 17. Nf3 b5 18. a4 bxa4 19. Rfd1 Kf8 20. Ra1 Ne5 {½-½ (20) Hracek,Z (2600)-Lalic,B (2540) Medulin 2002}) 15... Rc8 16. Rab1 Nc5 17. Qh3 Qe5 ({Don't blunder} 17... Nxe4 $2 {[#]} 18. Nxe6 $1 {[%mdl 512]} Qc6 19. Nd4 $18) 18. Re1 O-O ({Better is} 18... Qg5 $11) 19. Re3 Kh8 20. Rf1 (20. Nf3 $1 $14 Qf4 21. e5) 20... Nxe4 (20... Rg8 $11) 21. Rfe1 $14 f5 22. f3 $1 $36 {[%cal Rf3e4][%mdl 2048] White has some pressure.} Rxc3 23. Nb3 $1 Rxe3 24. Rxe3 {[%mdl 64] Pin} Rd8 {( -> ...Rd1+)} 25. fxe4 Rd1+ (25... fxe4 $16 26. Re1 f5) 26. Kf2 $18 fxe4 {[#]} 27. Qh6 $1 {[%cal Rh6f8]} Qf5+ {[#]} (27... Rd8 $16 {was called for.} 28. Rxe4 Qf5+ 29. Qf4 Rd5) 28. Rf3 $1 {[%mdl 512] Accuracy: White = 69%, Black = 40%.} 1-0

[Event "12th Chennai Open 2020"]
[Site "Chennai"]
[Date "2020.01.25"]
[Round "10.1"]
[White "Rozum, Ivan"]
[Black "Ponkratov, Pavel"]
[Result "1/2-1/2"]
[WhiteElo "2573"]
[BlackElo "2622"]
[Annotator "TA"]
[PlyCount "83"]
[EventDate "2020.01.19"]
[EventType "swiss"]
[EventCountry "IND"]
[SourceTitle "playchess.com"]
[Source "ChessBase"]
[SourceQuality "1"]

{[%evp 22,83,-5,-9,1,-2,6,5,0,0,17,10,10,8,10,8,0,6,27,16,18,16,50,46,94,90,91,83,86,41,35,37,36,37,43,44,52,35,44,32,32,32,32,32,32,32,24,8,8,0,0,0,0,0,0,0,0,0,0,0,0,0,8,8]} 1. c4 c6 2. Nf3 d5 3. b3 Bf5 4. Bb2 e6 5. g3 Nf6 6. Bg2 Nbd7 7. O-O Be7 8. d3 h6 9. Nbd2 O-O 10. Qc2 Bh7 11. a3 a5 12. Ne5 Nxe5 {A12: English Opening: 1...c6 with b3 by White} 13. Bxe5 Bd6 (13... Nd7 14. Bc3 Bf6 15. b4 Bxc3 16. Qxc3 Qf6 {½-½ (16) Ruck,R (2567)-Postny,E (2637) Sibenik 2012}) 14. Qb2 Bxe5 15. Qxe5 Nd7 16. Qb2 Qf6 17. Qxf6 Nxf6 18. b4 $146 ({Predecessor:} 18. Rfc1) 18... axb4 19. axb4 Rfc8 20. Nb3 Kf8 21. Rfc1 Nd7 22. cxd5 exd5 23. Bh3 f5 24. f4 Ke7 25. Kf2 Rxa1 26. Rxa1 Rb8 27. Nc5 Nxc5 28. bxc5 $14 {[%mdl 4096] Endgame KRB-KRB} Kf6 29. Rb1 Bg8 30. g4 fxg4 31. Bxg4 Be6 32. Bxe6 Kxe6 {KR-KR} 33. Kf3 g5 34. e3 gxf4 {The position is equal.} 35. exf4 Kf5 36. h4 Re8 37. Rxb7 {Threatens to win with Rf7+.} d4 $1 38. Rf7+ Kg6 39. Rc7 Re3+ 40. Kf2 Rxd3 41. Rxc6+ Kf5 42. Rxh6 {Accuracy: White = 60%, Black = 74%.} 1/2-1/2

[Event "12th Chennai Open 2020"]
[Site "Chennai"]
[Date "2020.01.25"]
[Round "10.2"]
[White "Martinez Alcantara, Jose Eduardo"]
[Black "Venkatesh, M.R."]
[Result "1-0"]
[WhiteElo "2606"]
[BlackElo "2501"]
[Annotator "TA"]
[PlyCount "95"]
[EventDate "2020.01.19"]
[EventType "swiss"]
[EventCountry "IND"]
[SourceTitle "playchess.com"]
[Source "ChessBase"]
[SourceQuality "1"]

{[%evp 9,95,24,27,13,24,26,18,22,35,20,26,16,21,18,25,0,2,-12,36,20,54,-27,23,14,29,22,23,12,49,0,0,-7,28,25,26,40,46,49,35,0,0,0,0,0,-14,0,0,-65,-15,-92,-65,-64,0,-89,-89,-75,-83,-67,-15,-50,-15,-141,-80,-81,0,0,0,0,0,0,0,0,529,527,690,697,696,695,685,682,683,679,646,629,881,876,852,851]} 1. e4 e5 2. Bc4 Nf6 3. d3 c6 4. Nf3 Be7 5. O-O Qc7 6. Bb3 {C24: Bishop's Opening: 2...Nf6} (6. Re1 O-O 7. Bb3 d6 8. Nbd2 Nbd7 9. c3 b6 10. Nf1 Nc5 11. Bc2 Re8 12. Ng3 a5 13. d4 Ne6 14. h3 Bf8 {½-½ (48) Kasimdzhanov,R (2670)-Mamedyarov,S (2674) Baku 2005}) 6... d6 7. c3 Bg4 8. h3 {The position is equal.} Bh5 9. Re1 Nbd7 10. Nbd2 Nc5 $146 ({Predecessor:} 10... d5 11. Nf1 dxe4 12. dxe4 {1-0 (37) Lane,G (2440)-Wright,N (2163) Canberra 2006}) 11. Bc2 g5 12. d4 Ne6 $1 13. Nf1 g4 14. hxg4 Bxg4 15. Ng3 (15. d5 $14 Nc5 16. b4) 15... Rg8 16. d5 Ng7 17. dxc6 bxc6 18. Qd3 Ngh5 {With the idea ...Nxg3.} 19. Nxh5 Nxh5 20. Nh2 Be6 21. Bb3 Rg6 22. Bxe6 fxe6 23. Qh3 Nf6 24. Qxe6 Nxe4 25. Qh3 Nf6 $1 26. f4 e4 27. Be3 d5 28. Kh1 (28. c4 $11) 28... h5 29. Bd4 (29. c4 $11) 29... Kf7 30. c4 Qc8 ({Black should play} 30... Qxf4 $15 31. cxd5 cxd5) 31. cxd5 (31. f5 $11 Rg5 32. Qe3 Rxf5 33. Rf1 (33. cxd5 cxd5 34. Rf1 Kg6 $11)) 31... Qxh3 $17 ({Don't play} 31... cxd5 $6 32. f5 $11) 32. gxh3 cxd5 33. Rad1 Rc8 ({Black should try} 33... Bb4 $15 34. Re2 Rg3) 34. Nf1 Bc5 35. Ne3 (35. Bxf6 $11 {keeps the balance.} Kxf6 36. Rxd5) 35... Bxd4 ({Better is} 35... Rg3 36. Kh2 Rf3) 36. Rxd4 Rcg8 (36... Rg3 $17 37. Nxd5 Rxh3+ 38. Kg2 Rd3 39. Rxd3 exd3) 37. Ra4 Rg3 {[%cal Rg3h3] [#]} 38. Rxa7+ Kf8 {[%cal Rg3h3]} 39. Ra8+ Ne8 {[%cal Rg3h3]} 40. Kh2 {And now Re2 would win.} d4 $2 {[%mdl 8192]} (40... Rf3 $1 $11) 41. Ng4 $1 $18 {White is clearly winning.} Rxh3+ 42. Kxh3 {[#] aiming for Nf6.} hxg4+ {[%mdl 4096] Endgame KRR-KRN} 43. Kg2 e3 44. Rd8 Kf7 45. Rxd4 Ng7 46. Rd5 Kf6 47. Rxe3 Rc8 48. Rc3 {Accuracy: White = 52%, Black = 40%.} 1-0

[Event "12th Chennai Open 2020"]
[Site "Chennai"]
[Date "2020.01.25"]
[Round "10.3"]
[White "Khusenkhojaev, Muhammad"]
[Black "Aleksandrov, Aleksej"]
[Result "0-1"]
[WhiteElo "2420"]
[BlackElo "2592"]
[Annotator "TA"]
[PlyCount "102"]
[EventDate "2020.01.19"]
[EventType "swiss"]
[EventCountry "IND"]
[SourceTitle "playchess.com"]
[Source "ChessBase"]
[SourceQuality "1"]

{[%evp 9,102,8,13,14,16,0,0,-2,43,38,25,4,6,3,43,0,0,-4,5,0,0,0,23,0,20,21,26,-18,-20,-46,-39,-44,-47,-51,-63,-37,-41,-33,-30,-118,-118,-113,-116,-145,-145,-137,-135,-151,-131,-166,-155,-197,-204,-173,-192,-176,-191,-233,-213,-227,-232,-231,-206,-180,-158,-204,-203,-219,-218,-241,-228,-243,-220,-329,-297,-363,-359,-360,-347,-280,-273,-272,-272,-272,-202,-212,-223,-219,-214,-197,-197,-214,-212,-29976,-29977]} 1. c4 e6 2. Nf3 d5 3. e3 Nf6 4. b3 Be7 5. Bb2 b6 (5... O-O 6. Nc3 dxc4 7. Bxc4 a6 8. O-O b5 9. Be2 Bb7 10. Rc1 c5 11. d4 Nbd7 12. dxc5 Nxc5 13. Nd4 Rc8 14. Bf3 Bxf3 15. gxf3 {1-0 (22) Shankland,S (2705)-Ding,L (2811) chess.com INT 2019}) 6. cxd5 {A13: English Opening: 1...e6} exd5 7. Be2 O-O 8. O-O {The position is equal.} Bf5 $146 ({Predecessor:} 8... Bb7 9. d4 Nbd7 10. Nc3 c6 11. Qc2 Re8 12. Bd3 Bd6 13. Rfe1 Rc8 14. Rac1 {0-1 (40) Nyzhnyk,I (2610)-Sevian,S (2585) Saint Louis 2017}) 9. d4 Ne4 10. Nc3 Nxc3 11. Bxc3 Nd7 12. a4 a5 13. Bd3 Bg4 14. h3 Bh5 15. Rc1 Bd6 16. e4 dxe4 17. Bxe4 Rc8 18. d5 Nf6 19. Bxf6 Qxf6 20. Qd4 Qh6 {Strongly threatening ...f5.} 21. Nh4 {White wants to play Nf5.} g6 {White must now prevent ...Be2.} 22. Bf3 Bxf3 23. Nxf3 Rce8 24. Qh4 (24. Nd2 $11) 24... Qxh4 $17 25. Nxh4 Re2 26. Nf3 Bc5 27. Rcd1 Rfe8 28. Nd2 R8e5 29. Nc4 Rf5 30. d6 cxd6 $1 ({And not} 30... Bxf2+ 31. Rxf2 $1 {[%mdl 512]} Rfxf2 32. dxc7 $11) 31. Nxd6 Rfxf2 32. Rxf2 Rxf2 $19 {[%mdl 4096] Endgame KRB-KRN} 33. Kh1 Rb2 34. Ne4 {[#]} Be7 $1 ({Resist} 34... Rxb3 35. Nxc5 bxc5 36. Rd8+ Kg7 37. Ra8) 35. Rd3 f5 36. Nd2 f4 37. Kg1 Bb4 38. Ne4 Kf7 39. Kf1 h6 40. g3 fxg3 41. Nxg3 (41. Rxg3 {keeps fighting.} g5 42. Nf2) 41... Ke6 42. Ne2 Bc5 43. h4 Kf5 44. Rg3 Be7 45. Nd4+ Ke4 46. Nc6 Bd6 47. Rxg6 Bf4 48. Re6+ Kd5 49. Rf6 Be3 ({Don't take} 49... Rxb3 50. Rxf4 Kxc6 51. Rf6+ Kb7 52. Rxh6 $17) 50. Ne7+ Ke4 51. Nf5 $2 (51. h5 $19) 51... Rf2+ {[%mdl 64] Double Attack. Accuracy: White = 39%, Black = 72%.} 0-1